000 00788cab a2200229 4500
001 WB3506-59
008 090401t1999 xxu||||| |||| 00| 0 eng d
035 _a(Sirsi) u91293
041 _aeng
245 _aChannel Tunel Rail Link bond
260 _c1999
350 _a0
490 _aDETR News Release
_v(118) 10 February 1999 (2)
520 _aThe Deputy Prime Minister has hailed the success of the £1.65bn bond issue which will provide the funding for the Channel Tunnel Rail Link. All of the bonds have been placed with leading financial institutions by Warburg Dillon Read and HSBC.
650 _aBONDS
650 _aCHANNEL TUNNEL RAIL LINK
650 _aFINANCE
650 _aFUNDING
690 _aTRANSPORT AND COMMUNICATIONS
942 _n0
948 _c12/02/1999
999 _c57938
_d57938